000 01030nam a22002657a 4500
001 BR8501549
003 BR-BrBNA
005 20230928092120.0
007 ta
008 230509b bl.||||| |||| 00| 0 por d
040 _aBR-BrBNA
_bpor
_cBiblioteca Nacional de Agricultura
041 _a(Por)
072 _aF00; H10
_b3870
_b0195
_b/G514
090 _ 3870 BR8501549
110 1 _aFundacao de Ciencia e Tecnologia, Porto Alegre, RS (Brasil)
_94844
245 1 _aRelatorio parcial do projeto de pesquisa DEF global II: Residuos de defensivos agricolas em frutas, hortalicas, arroz, trigo, soja e graos importados". Referente a safra de trigo de 1984. Convenio CIENTEC/FINEP no. 54840260-00 [Fundacao de Ciencia e Tecnologia Financiadora de Estudos e Projetos, Brasil]
260 3 _aPorto Alegre, RS (Brasil):
_c1985.
300 _a91 p.
500 _a13 ref.; 9 tables; 7 graphs; 28 illus.
650 _aRESIDUO QUIMICO
650 _aDEFENSIVO
650 _aTRIGO
909 _a202309
_bLucia
_c55
_dLucia Elande
942 _cBK
999 _c37209
_d37209